|
|
|
|
| LEADER |
00000nab a2200000 ar4500 |
| 001 |
vtls008955206 |
| 003 |
SK-MaSNL |
| 005 |
20260303204306.0 |
| 008 |
180907c2007 xo wr|p|||||||000 b|slo |
| 038 |
|
|
|a PPPK
|
| 040 |
|
|
|a PPPKCL
|b slo
|c PPPK
|e AACR2
|
| 041 |
0 |
|
|a slo
|
| 044 |
|
|
|a xo
|c SK
|
| 080 |
|
|
|a 551.509
|2 1997
|
| 245 |
0 |
0 |
|a Zima je mimoriadne teplá a bez snehu
|c [autor] (jej) ; foto Mária Lejnarová
|
| 300 |
|
|
|b Fotogr.
|
| 610 |
2 |
7 |
|a Slovenský hydrometeorologický ústav (Bratislava, Slovensko)
|b Meteorologická stanica (Poprad, Slovensko)
|2 pppkcl
|9 1044150
|
| 648 |
|
7 |
|a 2007
|2 pppkcl
|9 313226
|
| 650 |
0 |
7 |
|a meteorológia
|2 pppkcl
|9 873
|
| 650 |
0 |
7 |
|a predpoveď počasia
|2 pppkcl
|9 19667
|
| 650 |
0 |
7 |
|a počasie
|y január 2007
|x teplotné rekordy
|2 pppkcl
|9 1237866
|
| 651 |
|
7 |
|a Vysoké Tatry (Poľsko a Slovensko : pohorie)
|2 SNKPHgeo
|9 67729
|
| 651 |
|
7 |
|a Poprad (Slovensko : okres)
|2 pppkcl
|9 28675
|
| 700 |
1 |
|
|a Lejnarová, Mária
|4 pht
|9 1004732
|
| 773 |
0 |
|
|t Poprad : noviny občanov mesta
|g Roč. XVIII, č. 3 (2007), s. 1
|
| 852 |
|
|
|a PPPK
|b KIS3GCP
|
| 999 |
|
|
|c 2189321
|d 2191251
|